| 000 | 00605nam a2200205Ia 4500 | ||
|---|---|---|---|
| 003 | OSt | ||
| 005 | 20250807101135.0 | ||
| 008 | 210707s1983 xx 000 0 und d | ||
| 040 | _cAL | ||
| 041 | _aKannada | ||
| 082 | _aK894.3 TIRV | ||
| 100 |
_aTIRUMALE TATACHARYA SHARMA _dತಿರುಮಲೆ ತಾತಾಚಾರ್ಯ ಶರ್ಮ _9234407 |
||
| 245 |
_aVikranta Bharata. _b ವಿಕ್ರಾಂತ ಭಾರತ |
||
| 260 |
_aBengaluru _bVishvakannada Sammelana _c1983 |
||
| 300 | _aiv,423 p | ||
| 365 |
_b10 _cINR |
||
| 563 | _aPB | ||
| 650 |
_aKannada Fiction _9234408 |
||
| 942 |
_2ddc _cBK |
||
| 999 |
_c180161 _d180161 |
||